000
00390nam a22001217a 4500
003
SGT
082
_a
080
_b
Y16V
100
_a
वीर, वरुण
245
_a
योग ही जीवन : आयुर्वेद तथा प्राकृतिक चिकित्सा संहित
260
_b
मनु प्रकाशन
_c
2016
300
_a
224
942
_2
ddc
_c
BK
999
_c
31550
_d
31550